La pequeña crónica

Сохранить в:
Библиографические подробности
Главный автор: Bach, Ana Magdalena (Автор)
Формат:
Язык:испанский
Опубликовано: Santiago Zig-Zag 1944
Серии:Biblioteca Zig-Zag. Gris, 4
Предметы:
Метки: Добавить метку
Нет меток, Требуется 1-ая метка записи!

MARC

LEADER 00000nam a2200000 a 4500
001 UCN1624
003 CL-VaPUC
005 20240628155538.0
008 010427e19440000CL |||||||||||||||||spa|d
999 |c 294875  |d 294873 
040 |c Pontificia Universidad Católica de Valparaíso 
082 0 4 |a 927.8 BAC 1944  |2 21 
100 0 |a Bach, Ana Magdalena  |e author  |9 456846 
245 1 3 |a La pequeña crónica 
260 |a Santiago  |b Zig-Zag  |c 1944 
300 |a 130 p 
490 0 |a Biblioteca Zig-Zag. Gris, 4 
583 |a last modification  |c 20010427 00:00:00  |k Rodrigo Vera 
600 0 |a Bach, Johann Sebastian  |d 1685-1750  |e compositor  |9 269760 
650 0 |a Compositores alemanes  |9 324765 
650 0 |a Músicos alemanes  |2 CL-VaPUC  |9 306627 
650 0 |a Biografías  |9 255210 
942 |c BK  |2 ddc 
945 |d 20010427 00:00:00  |a crobeson 
952 |0 0  |1 0  |4 0  |6 927_800000000000000_BAC_1944  |7 0  |8 A  |9 347621  |a BIBEDU  |b BIBEDU  |d 2019-11-20  |i 1180886  |o 927.8 BAC 1944  |p 1180886  |r 2023-01-12  |w 2019-11-20  |y BK  |k MUS